| 000 | 00443nam a2200133 a 4500 | ||
|---|---|---|---|
| 001 | 000031003 | ||
| 005 | 20200930062637.0 | ||
| 008 | 110609s2001 dr 000 0 spa d | ||
| 040 |
_aDO-SdBNP _bspa _cBNPHU |
||
| 245 | 0 | 0 |
_aPremio a la calidad y servicio al cliente 2001 : _ba los que logran la excelencia con el servicio memorable. |
| 260 |
_aSanto Domingo : _b[Codetel]., _c[2001]. |
||
| 300 |
_a106 p. : _bil., retrs. ; _c18 cm. |
||
| 049 | _aBNPD | ||
| 999 |
_c30495 _d30495 |
||